| 000 | 02375nam0a2200433 4500 | ||
|---|---|---|---|
| 001 | RU\NLR\BIBL_A\011842654 | ||
| 005 | 20260607071551.0 | ||
| 010 |
_a978-5-906980-69-4 _91500 |
||
| 035 | _a(NILC)LIBNET\0000878938 | ||
| 035 | _a(NLR Aleph) 011842654 | ||
| 090 |
_a12063486 _c12063486 |
||
| 100 | _a20181026d2018 |||y0rusy50 ca | ||
| 101 | 1 |
_arus _deng |
|
| 102 | _aRU | ||
| 105 | _ay|||z|||000zy | ||
| 200 | 1 |
_aИнтеллигенция в поисках идентичности _eДостоевский. Толстой _e[монография] _fСветлана Климова _gНац. исслед. ун-т "Высш. шк. экономики" |
|
| 210 |
_aСанкт-Петербург _cАлетейя _cИсторическая книга _d2018 |
||
| 215 |
_a244, [2] с. _d22 |
||
| 300 | _aНа 4-й с. обл. авт.: С. М. Климова, д-р философ. наук, проф. | ||
| 300 | _aРез. англ. | ||
| 320 | _aБиблиогр.: с. 238-244 и в подстроч. примеч. | ||
| 333 | _a16+ | ||
| 517 | 1 | _aДостоевский | |
| 517 | 1 | _aТолстой | |
| 600 | 1 |
_aДостоевский _bФ.М. _f1821 - 1881 _gФедор Михайлович _xФилософские взгляды _9996507 _3RU\NLR\AUTH\66377227 |
|
| 600 | 1 |
_aТолстой _bЛ. Н. _f1828 - 1910 _gЛев Николаевич _xФилософские взгляды _91536439 _3RU\NLR\AUTH\66970813 |
|
| 606 | 1 |
_aИнтеллигенция _xСоциально-философские вопросы _yРоссия _92584543 _3RU\NLR\AUTH\661527701 |
|
| 686 | 1 | _aС550.321.4 | |
| 686 | 1 | _aЮ3(2)51-578.9 | |
| 686 | 1 | _aЮ3(2)6-630 | |
| 700 | 1 |
_aКлимова _bС. М. _gСветлана Мушаиловна |
|
| 702 | 1 |
_4570 _8rus _7ca _aДостоевский _bФ. М. _f1821-1881 _gФедор Михайлович _3RU\NLR\AUTH\77838 _9110876 |
|
| 702 | 1 |
_4570 _7ca _8rus _aТолстой _bЛ. Н. _f1828-1910 _gЛев Николаевич _9111537 _3RU\NLR\AUTH\771515 |
|
| 711 | 0 | 2 |
_a"Высшая школа экономики", национальный исследовательский университет _cМосква _9854865 _3RU\NLR\AUTH\8810179352 |
| 801 | 0 |
_aRU _bЦГПБ Санкт-Петербург _c20180418 _grcr |
|
| 942 | _cBOOK | ||
| 980 | _aNB | ||